00482nam a2200157Ia 45000010006000000050017000060080041000230410008000640820017000721000031000892450151001202600009002713000028002806500008003086540008003162528420260414151139.0260414t2016||||xx |||||||||||||| ||spa|| aESP a346.431bM36 aMedina Canelo, HaroldeAUT 0aResponsabilidad civil en el derecho inmobiliario :bresponsabilidad por daños ocasionados por vicios o defectos en la edificación de viviendas c2016 a351 páginas :c24 cm. aDER aCDE